000 00275nam a22001097a 4500
082 _a823/SWA
100 _aSwamy,L. S. Shankar
_979661
245 _aAgnyatha: The Memoir of Tipu'sUnknown Commander
260 _aDelhi
_bBee Books
_c2018
650 _aNovel
_979662
942 _cBK
999 _c63292
_d63292